000 01341naa a2200265 i 4500
001 3376
003 KOSZ 005
005 20180214093550.0
008 150603s2005 pl f |100 0 pol
040 _cBPK
_dKOSZ 005/EG
080 _a620.193
080 _a669.1
100 1 _aHRYNIEWICZ, Tadeusz.
_d1996 - .
_bPolitechnika Koszalińska - Wydział Mechaniczny,
_cKatedra Elektrotechniki i Elektrochemii
245 1 0 _aLaboratoryjne metody badania korozji stali /
_cTadeusz Hryniewicz, Krzysztof Rokosz.
246 3 1 _aLaboratory methods of corrosion investigation on steel
500 _aDane z autopsji.
520 _aW pracy dokonano przeglądu możliwości bardziej znanych współczesnych technik laboratoryjnych badań korozji.
650 0 _aKorozja i erozja.
650 0 _aStal.
655 0 _aMateriały konferencyjne.
700 1 _aROKOSZ, Krzysztof.
_d2002 - .
_bPolitechnika Koszalińska - Wydział Mechaniczny,
_cKatedra Elektrotechniki i Elektrochemii
711 2 2 _aSłupskie Forum Motoryzacji
_n(8 ;
_d2005 ;
_cSłupsk, Polska).
773 0 _iW :
_tVIII Konferencja naukowo-techniczna nt. Współczesne technologie w motoryzacji a bezpieczeństwo ruchu drogowego : Słupsk 24.5.2005 / pod red. Leona Kukiełki. -
_dSłupsk : Starostwo Powiatowe w Słupsku, 2005. -
_gs. 91-102
942 _cROZ
_2UKD
999 _c3376
_d3376